| 000 | 00565nam a2200205Ia 4500 | ||
|---|---|---|---|
| 001 | 63829 | ||
| 008 | 190917n2014 ii |||gr||||Z||||||asm | ||
| 020 | _a978-93-82750-31-4 | ||
| 082 | _a891.4109 | ||
| 100 |
_aSarma, Gobinda prasad, _eAuthor. |
||
| 245 | 0 |
_aIngraji Sahityikar Jivan aru Sahitya _cBy Gobinda prasad Sarma _hTextual Documents |
|
| 250 | _aist ed. | ||
| 260 |
_aAssam _bBanalata _c2014 |
||
| 300 |
_apg252: _c21cm. |
||
| 653 | _aAssamese | ||
| 653 | _aAssamese Essays | ||
| 653 | _aAssamese literature | ||
| 653 | _aG- Assamese | ||
| 942 |
_2ddc _cBK |
||
| 999 |
_c64930 _d64930 |
||